| 000 | 00492nam a22001817a 4500 | ||
|---|---|---|---|
| 005 | 20260224153535.0 | ||
| 008 | 260224b |||||||| |||| 00| 0 eng d | ||
| 020 | _a978-0-415-12450-8 | ||
| 050 |
_aHF 5387 .C87 1997 _b1 |
||
| 100 | _aDAVIES, PETER W.F | ||
| 245 | _aCURRENT ISSUES IN BUSINESS ETHICS | ||
| 260 |
_aLONDON _bROUTLEDGE _c1997 |
||
| 300 | _aINDEX | ||
| 500 | _aXI , 204P | ||
| 650 | _aCURRENT ISSUES IN BUSINESS ETHICS | ||
| 700 | _aDAVIES ,PETER W.F | ||
| 942 |
_2lcc _cBK |
||
| 999 |
_c216617 _d216617 |
||